000 00351pab a2200157 454500
008 180718b2009 xxu||||| |||| 00| 0 eng d
100 _aVanitha, B.
245 _aStreet children: facts and issues
260 _c2009
300 _ap.24-26.
362 _aJun
650 _aStreet children
773 _aKurukshetra
908 _aN
909 _a82770
999 _c82770
_d82770